[Event "QUO VADIS"]
[Site "SchemingMind.com"]
[Date "2010.04.29"]
[Round "-"]
[White "szymasss"]
[Black "MOIMOI"]
[Result "0-1"]
[WhiteCountry "POL"]
[BlackCountry "POL"]
[WhiteElo "1510"]
[WhiteRD "120"]
[BlackElo "1563"]
[BlackRD "51"]
[GameID "246788"]

1. d4 c5 2. d5 d6 3. e4 Nf6 4. Nc3 Bd7 5. Bc4 a6 6. a4 h6 7. Nf3 Bg4 8. h3 Bxf3 9. Qxf3 Nbd7 10. b3 Ne5
11. Qe2 g6 12. Bf4 Nfd7 13. Bxe5 Nxe5 14. O-O Bg7 15. f4 Nxc4 16. Qxc4 Qa5 17. Nb5 Bxa1 18. Rxa1 axb5 19. Qf1 b4 20. f5 O-O-O
21. fxg6 fxg6 22. Qf7 Qa6 23. Qxe7 Rhf8 24. Qe6+ Kb8 25. Qxg6 Qe2 26. a5 Rg8 27. Qxg8 Rxg8 28. g4 h5 29. Rf1 hxg4 30. Rf2 gxh3+
31. Rg2 Qxg2#
0-1

[Event "QUO VADIS"]
[Site "SchemingMind.com"]
[Date "2010.04.29"]
[Round "-"]
[White "MOIMOI"]
[Black "szymasss"]
[Result "1-0"]
[WhiteCountry "POL"]
[BlackCountry "POL"]
[WhiteElo "1563"]
[WhiteRD "51"]
[BlackElo "1510"]
[BlackRD "120"]
[GameID "246789"]

1. Nf3 d5 2. e3 Nc6 3. Bb5 Bd7 4. Nc3 e5 5. Nxd5 e4 6. Ng1 f5 7. Nf4 Bd6 8. Qh5+ g6 9. Nxg6 hxg6 10. Qxh8 Ke7
11. Qg7+ Ke6 12. Bc4#
1-0

[Event "QUO VADIS"]
[Site "SchemingMind.com"]
[Date "2010.04.29"]
[Round "-"]
[White "faulty"]
[Black "MOIMOI"]
[Result "1-0"]
[WhiteCountry "USA"]
[BlackCountry "POL"]
[WhiteElo "1845"]
[WhiteRD "79"]
[BlackElo "1563"]
[BlackRD "51"]
[GameID "246794"]

1. e4 e5 2. Nf3 Nc6 3. Bc4 h6 4. d4 d6 5. dxe5 Bg4 6. exd6 cxd6 7. Nc3 Nf6 8. O-O Qc7 9. Nd5 Nxd5 10. exd5 Ne5
11. Bb5+ Nd7 12. Qe2+ Be7 13. Re1 Qd8 14. Bf4 Bxf3 15. gxf3 a6 16. Bxd6 axb5 17. Bxe7
1-0

[Event "QUO VADIS"]
[Site "SchemingMind.com"]
[Date "2010.04.28"]
[Round "-"]
[White "faulty"]
[Black "szymasss"]
[Result "1-0"]
[WhiteCountry "USA"]
[BlackCountry "POL"]
[WhiteElo "1832"]
[WhiteRD "67"]
[BlackElo "1419"]
[BlackRD "107"]
[GameID "246795"]

1. e4 e5 2. Nf3 Nc6 3. Bc4 Bc5 4. O-O Nf6 5. d3 d5 6. exd5 Nxd5 7. Nc3 Nxc3 8. bxc3 Be6 9. Bxe6 fxe6 10. Ng5 Qf6
11. Ne4 Qf5 12. Nxc5 O-O-O 13. Be3 b6 14. Ne4 Ne7 15. c4 Ng6 16. Ng3 Qf6 17. Qh5 Qe7 18. Bg5 Qd7 19. Bxd8 Qxd8 20. Qf3 Rf8
21. Qa8+ Kd7 22. Qxd8+ Rxd8 23. Ne4 Kc8 24. Ng5 Re8 25. Nxh7 Rh8 26. Ng5 Nf4 27. g3 Nh3+ 28. Nxh3 Rxh3 29. Kg2 Rh8 30. Rae1 Rh5
31. f4 exf4 32. Rxf4
1-0

[Event "QUO VADIS"]
[Site "SchemingMind.com"]
[Date "2010.04.29"]
[Round "-"]
[White "MOIMOI"]
[Black "faulty"]
[Result "0-1"]
[WhiteCountry "POL"]
[BlackCountry "USA"]
[WhiteElo "1404"]
[WhiteRD "51"]
[BlackElo "1832"]
[BlackRD "67"]
[GameID "246796"]

1. Nf3 Nf6 2. Nc3 Nc6 3. d4 d5 4. Bf4 Bf5 5. e3 e6 6. a3 Bd6 7. Ne5 O-O 8. h3 Bxe5 9. dxe5 Nd7 10. Bd3 Bxd3
11. Qxd3 Ncxe5 12. Qd4 Nc6 13. Qd3 a6 14. b4 Nb6 15. O-O Nc4 16. Ne2 Ne7 17. Ng3 e5 18. Bg5 f6 19. Bh6 gxh6 20. e4 c6
21. exd5 Qxd5 22. Rfd1 Qxd3 23. Rxd3 Rfd8 24. Rad1 Rd5
0-1

[Event "QUO VADIS"]
[Site "SchemingMind.com"]
[Date "2010.04.29"]
[Round "-"]
[White "szymasss"]
[Black "faulty"]
[Result "0-1"]
[WhiteCountry "POL"]
[BlackCountry "USA"]
[WhiteElo "1419"]
[WhiteRD "107"]
[BlackElo "1832"]
[BlackRD "67"]
[GameID "246797"]

1. d4 d5 2. Nc3 Nf6 3. Bf4 Bf5 4. e3 e6 5. Nf3 Bb4 6. Bb5+ c6 7. Bd3 Bxc3+ 8. bxc3 Qa5 9. O-O Qxc3 10. Bxf5 exf5
11. Qd3 Ne4 12. Ng5 Qxd3 13. cxd3 Nxg5 14. Bxg5 Nd7 15. Rab1 b6 16. Rfe1 O-O 17. e4 f6 18. Bf4 fxe4 19. dxe4 dxe4 20. Rxe4 Kf7
21. Rbe1 Rae8 22. Bd6 Rxe4 23. Rxe4 Re8 24. Rxe8 Kxe8 25. f4 Kf7 26. g4 Ke6 27. Ba3 Kd5 28. Bb2 Ke4 29. f5 Kf4 30. h3 Kg3
0-1

[Event "QUO VADIS"]
[Site "SchemingMind.com"]
[Date "2010.05.04"]
[Round "-"]
[White "m_jack"]
[Black "faulty"]
[Result "0-1"]
[WhiteCountry "ENG"]
[BlackCountry "USA"]
[WhiteElo "1384"]
[WhiteRD "103"]
[BlackElo "1845"]
[BlackRD "79"]
[GameID "246893"]

1. e4 e5 2. Nf3 Nc6 3. c3 Nf6 4. d3 Be7 5. Be2 O-O 6. Nbd2 d5 7. exd5 Qxd5 8. a3 Bf5 9. Nc4 Bg6 10. Ne3 Qd7
11. O-O Rfd8 12. Ne1 Qe6 13. c4 e4 14. Qb3 Nd4 15. Qd1 exd3 16. Bxd3 Bxd3 17. Nxd3 Qe4 18. Re1 Nf3+ 19. gxf3 Qxd3
0-1

[Event "QUO VADIS"]
[Site "SchemingMind.com"]
[Date "2010.05.04"]
[Round "-"]
[White "m_jack"]
[Black "MOIMOI"]
[Result "0-1"]
[WhiteCountry "ENG"]
[BlackCountry "POL"]
[WhiteElo "1356"]
[WhiteRD "102"]
[BlackElo "1540"]
[BlackRD "55"]
[GameID "246894"]

1. e4 e5 2. Nf3 Nc6 3. d3 Bb4+ 4. c3 Be7 5. a3 h6 6. Be2 Bg5 7. Bxg5 hxg5 8. Nbd2 g4 9. Ng1 d6 10. Bxg4 Qg5
11. Bf3 Nf6 12. h3 Nh5 13. h4 Qf4 14. Ne2 Qh6 15. Nc1 Nf4 16. g3 Ne6 17. Qe2 Bd7 18. Ncb3 a6
0-1

[Event "QUO VADIS"]
[Site "SchemingMind.com"]
[Date "2010.05.04"]
[Round "-"]
[White "m_jack"]
[Black "szymasss"]
[Result "0-1"]
[WhiteCountry "ENG"]
[BlackCountry "POL"]
[WhiteElo "1384"]
[WhiteRD "103"]
[BlackElo "1510"]
[BlackRD "120"]
[GameID "246895"]

1. e4 e5 2. Nf3 Nc6 3. d3 Bc5 4. Qe2 d6 5. c3 Nf6 6. h3 Be6 7. a4 Qe7 8. b4 Nxb4 9. cxb4 Bxb4+ 10. Bd2 c5
11. Bxb4 cxb4 12. Qb2 d5 13. exd5 Nxd5 14. Qxe5 Rc8 15. Nbd2 O-O 16. Be2 f6 17. Qd4 b6 18. Ne4 Rfd8 19. Qb2 a5 20. O-O Nf4
21. Qd2 Nxe2+ 22. Qxe2 f5 23. Neg5 Rd6 24. d4 Re8 25. Rfd1 Bb3 26. Qxe7 Rxe7 27. Rdc1 Re8 28. Rc7 h6 29. Rb1 Bxa4 30. Rbc1 hxg5
31. Rc8 g4 32. hxg4 fxg4 33. Ng5 Rxd4 34. R1c7 Rd5 35. Ne6 Bd7 36. Rxe8+ Bxe8 37. Rxg7+ Kh8 38. Rxg4 Bd7 39. Rh4+ Kg8 40. Rg4+ Kh8
41. Re4 Bxe6 42. Rxe6 b5 43. Re3 a4
0-1

[Event "QUO VADIS"]
[Site "SchemingMind.com"]
[Date "2010.04.30"]
[Round "-"]
[White "faulty"]
[Black "m_jack"]
[Result "1-0"]
[WhiteCountry "USA"]
[BlackCountry "ENG"]
[WhiteElo "1845"]
[WhiteRD "79"]
[BlackElo "1384"]
[BlackRD "103"]
[GameID "246896"]

1. e4 e5 2. Nf3 d6 3. d4 exd4 4. Nxd4 c6 5. Bd3 Nf6 6. O-O Be7 7. Nc3 h6 8. Bf4 Bg4 9. Qd2 Bd7 10. a3 a6
11. e5 dxe5 12. Bxe5 Qb6 13. Rfe1 O-O 14. Bxb8 Re8 15. Be5 Bd8 16. Nf3 Be6 17. h3 Bd5 18. Nxd5 Nxd5 19. Bd4 Rxe1+ 20. Rxe1 Bg5
21. Nxg5
1-0

[Event "QUO VADIS"]
[Site "SchemingMind.com"]
[Date "2010.04.29"]
[Round "-"]
[White "MOIMOI"]
[Black "m_jack"]
[Result "1-0"]
[WhiteCountry "POL"]
[BlackCountry "ENG"]
[WhiteElo "1540"]
[WhiteRD "55"]
[BlackElo "1356"]
[BlackRD "102"]
[GameID "246897"]

1. Nf3 d6 2. Nc3 e5 3. d4 exd4 4. Nxd4 Nf6 5. Bg5 Be7 6. h3 c6 7. e3 h6 8. Bh4 a6 9. Bd3 Bd7 10. Nce2 O-O
11. c4 c5 12. Nf5 Bxf5 13. Bxf5 Nc6 14. O-O Ne5 15. b3 Nh5 16. Bxe7 Qxe7 17. f4 Nc6 18. Qd3 Nf6 19. Rf3 Nb4 20. Qb1 g6
21. Rg3 Nh5 22. Bxg6 fxg6 23. Qxg6+
1-0

[Event "QUO VADIS"]
[Site "SchemingMind.com"]
[Date "2010.04.29"]
[Round "-"]
[White "szymasss"]
[Black "m_jack"]
[Result "1-0"]
[WhiteCountry "POL"]
[BlackCountry "ENG"]
[WhiteElo "1510"]
[WhiteRD "120"]
[BlackElo "1384"]
[BlackRD "103"]
[GameID "246898"]

1. e4 e5 2. Nf3 d6 3. Nc3 c6 4. Bc4 Qe7 5. d3 h6 6. Be3 a5 7. Qd2 b5 8. Bd5 cxd5 9. Nxd5 Qd8 10. O-O Na6
11. Bb6 Qd7 12. Qxa5 Bb7 13. Qc3 Bxd5 14. exd5 Qb7 15. Qc6+ Qxc6 16. dxc6 Ne7 17. c7 Rc8 18. d4 exd4 19. Nxd4 Nxc7 20. Bxc7 Rxc7
21. Nxb5 Rc6 22. Rad1 Nc8 23. c3 Rb6 24. c4 Be7 25. Rfe1 O-O 26. h3 Bf6 27. b4 Rd8 28. a4 Rd7 29. Re8+ Kh7 30. Rxc8 Be5
31. g3 g5 32. Kg2 Kg6 33. c5 Rbb7 34. c6 Rxb5 35. cxd7
1-0

[Event "QUO VADIS"]
[Site "SchemingMind.com"]
[Date "2010.04.30"]
[Round "-"]
[White "Olli Ylönen"]
[Black "faulty"]
[Result "0-1"]
[WhiteCountry "FIN"]
[BlackCountry "USA"]
[WhiteElo "1507"]
[WhiteRD "57"]
[BlackElo "1826"]
[BlackRD "78"]
[GameID "246983"]

1. Nf3 Nf6 2. c4 c5 3. Nc3 Nc6 4. d4 cxd4 5. Nxd4 g6 6. e4 Bg7 7. Be3 d6 8. Be2 O-O 9. O-O Nxd4 10. Bxd4 Bd7
11. f3 Bc6 12. Qd2 Nd7 13. Bxg7 Kxg7 14. Qd4+ Kg8 15. b4 Qb6 16. Qxb6 Nxb6 17. Rfc1 Rfc8 18. Kf2 Kg7 19. Ke3 Na4 20. b5 Nxc3
21. Rxc3 Bxb5 22. a4 Bc6 23. c5 Bd7 24. Bb5 Bxb5 25. axb5 dxc5 26. f4 b6 27. e5 Rc7 28. g4 e6 29. Rc4 Rd8 30. h4 Rcd7
31. Rc3 f6 32. exf6+ Kxf6 33. Ra4 Re8 34. Re4 Rd1 35. f5 Re1+ 36. Kd3 Rxe4 37. Kxe4 exf5+
0-1

[Event "QUO VADIS"]
[Site "SchemingMind.com"]
[Date "2010.05.01"]
[Round "-"]
[White "Olli Ylönen"]
[Black "MOIMOI"]
[Result "0-1"]
[WhiteCountry "FIN"]
[BlackCountry "POL"]
[WhiteElo "1507"]
[WhiteRD "57"]
[BlackElo "1540"]
[BlackRD "55"]
[GameID "246984"]

1. d4 c6 2. Nf3 d5 3. Bf4 Bg4 4. Nbd2 h6 5. e3 Qa5 6. Be2 g5 7. Be5 f6 8. Bxb8 Rxb8 9. h3 Bh5 10. g4 Bg6
11. a4 Be4 12. b3 Qc3 13. Rc1 h5 14. gxh5 Rxh5 15. Nxg5 Rxg5 16. f3 Bf5 17. f4 Rg3 18. Bh5+ Kd8 19. Kf2 Qxe3+ 20. Kf1 Bxh3+
21. Rxh3 Rxh3
0-1

[Event "QUO VADIS"]
[Site "SchemingMind.com"]
[Date "2010.05.04"]
[Round "-"]
[White "Olli Ylönen"]
[Black "szymasss"]
[Result "1-0"]
[WhiteCountry "FIN"]
[BlackCountry "POL"]
[WhiteElo "1494"]
[WhiteRD "50"]
[BlackElo "1419"]
[BlackRD "107"]
[GameID "246985"]

1. e4 e5 2. Nf3 Nc6 3. Bb5 Nb4 4. d4 exd4 5. Nxd4 c6 6. Ba4 Qa5 7. Nc3 Nf6 8. a3 Nxe4 9. O-O Nxc3 10. bxc3 Nd5
11. Re1+ Be7 12. c4 Nc3 13. Qd2 O-O 14. Bxc6 dxc6 15. Rxe7 Be6 16. Nxe6 fxe6 17. Qd7 Ne4 18. Rxg7+ Kh8 19. Rxh7+ Kg8 20. Qg7#
1-0

[Event "QUO VADIS"]
[Site "SchemingMind.com"]
[Date "2010.05.05"]
[Round "-"]
[White "Olli Ylönen"]
[Black "m_jack"]
[Result "1-0"]
[WhiteCountry "FIN"]
[BlackCountry "ENG"]
[WhiteElo "1486"]
[WhiteRD "72"]
[BlackElo "1384"]
[BlackRD "103"]
[GameID "246986"]

1. d4 e6 2. e4 c6 3. Nf3 Nf6 4. Nc3 h6 5. Be3 a6 6. Bd3 Be7 7. Qe2 d6 8. O-O Qb6 9. b3 Qa5 10. Qd2 Qd8
11. h3 Bd7 12. Ne2 b5 13. c4
1-0

[Event "QUO VADIS"]
[Site "SchemingMind.com"]
[Date "2010.04.30"]
[Round "-"]
[White "faulty"]
[Black "Olli Ylönen"]
[Result "1-0"]
[WhiteCountry "USA"]
[BlackCountry "FIN"]
[WhiteElo "1826"]
[WhiteRD "78"]
[BlackElo "1507"]
[BlackRD "57"]
[GameID "246987"]

1. e4 c6 2. d4 d5 3. Nc3 dxe4 4. Nxe4 Bf5 5. Ng3 Bg6 6. Nf3 Nf6 7. Bc4 Nbd7 8. Bg5 e6 9. Qe2 Bd6 10. Ne5 Qa5+
11. Bd2 Bb4 12. c3 Bd6 13. Nxg6 hxg6 14. O-O Bxg3 15. fxg3 Qh5 16. Qxh5 gxh5 17. Rae1 O-O 18. Bg5 Nh7 19. Bf4 Rfe8 20. Bd3 Ndf6
21. Re5 Kf8 22. Bxh7 Nxh7 23. Rxh5 Nf6 24. Re5 Nd5 25. Rfe1 Nxf4 26. gxf4 Ke7 27. f5 Kf6 28. g4 Re7 29. h4 g5 30. fxe6 fxe6
31. hxg5+ Kf7 32. Rf1+ Kg7 33. Rf6 Rf8 34. Rexe6 Rxe6 35. Rxe6 Rf7 36. Kg2
1-0

[Event "QUO VADIS"]
[Site "SchemingMind.com"]
[Date "2010.04.30"]
[Round "-"]
[White "MOIMOI"]
[Black "Olli Ylönen"]
[Result "0-1"]
[WhiteCountry "POL"]
[BlackCountry "FIN"]
[WhiteElo "1404"]
[WhiteRD "51"]
[BlackElo "1494"]
[BlackRD "50"]
[GameID "246988"]

1. Nf3 Nf6 2. Nc3 d5 3. d4 g6 4. Bf4 Bg7 5. Nb5 Na6 6. Be5 e6 7. e3 O-O 8. a3 c6 9. Nd6 Ne4 10. Bxg7 Kxg7
11. Nxc8 Qxc8 12. Bd3 b6 13. Bxe4 dxe4 14. Nd2 f5 15. f4 c5 16. Nc4 Kh6 17. h4 cxd4 18. Qxd4 Qc5
0-1

[Event "QUO VADIS"]
[Site "SchemingMind.com"]
[Date "2010.05.05"]
[Round "-"]
[White "szymasss"]
[Black "Olli Ylönen"]
[Result "0-1"]
[WhiteCountry "POL"]
[BlackCountry "FIN"]
[WhiteElo "1419"]
[WhiteRD "107"]
[BlackElo "1494"]
[BlackRD "50"]
[GameID "246989"]

1. e4 c6 2. e5 d6 3. d4 dxe5 4. dxe5 Qxd1+ 5. Kxd1 f6 6. exf6 Nxf6 7. Nc3 e5 8. Nf3 Bg4 9. Be2 Bxf3 10. Bxf3 Bb4
11. Bd2 O-O 12. Ke2 Nbd7 13. Ne4 Bxd2 14. Nxd2 Rfe8 15. Rhe1 e4 16. Bxe4 Nxe4 17. Nxe4 Rxe4+ 18. Kf1 Rae8
0-1

[Event "QUO VADIS"]
[Site "SchemingMind.com"]
[Date "2010.05.05"]
[Round "-"]
[White "m_jack"]
[Black "Olli Ylönen"]
[Result "0-1"]
[WhiteCountry "ENG"]
[BlackCountry "FIN"]
[WhiteElo "1384"]
[WhiteRD "103"]
[BlackElo "1486"]
[BlackRD "72"]
[GameID "246990"]

1. e4 e5 2. Nf3 d6 3. c3 Nf6 4. h3 Nc6 5. d3 Be6 6. Bg5 Be7 7. Bxf6 Bxf6 8. a3 O-O 9. Nbd2 d5 10. exd5 Bxd5
11. Be2 h6 12. b4 a5
0-1

[Event "QUO VADIS"]
[Site "SchemingMind.com"]
[Date "2010.05.01"]
[Round "-"]
[White "emvarela"]
[Black "faulty"]
[Result "1/2-1/2"]
[WhiteCountry "ARG"]
[BlackCountry "USA"]
[WhiteElo "1778"]
[WhiteRD "75"]
[BlackElo "1832"]
[BlackRD "67"]
[GameID "246998"]

1. e4 e5 2. Nf3 Nc6 3. Bb5 a6 4. Ba4 Nf6 5. O-O Be7 6. Re1 b5 7. Bb3 O-O 8. c3 Re8 9. d4 d6 10. dxe5 dxe5
11. Qxd8 Bxd8 12. Bd5 Bb7 13. Bg5 h6 14. Bxf6 Bxf6 15. Nbd2 Na5 16. Bxb7 Nxb7 17. b4 Nd6 18. a4 g5 19. h3 Bg7 20. Nb3 Nc4
21. Nc5 Bf8 22. Nd7 Bg7 23. a5 Re6 24. Nc5 Rd6 25. Rad1= Nb2 26. Rxd6 cxd6 27. Nb7 Bf8 28. Re2 Nc4 29. Nd2 Rb8 30. Nxc4 bxc4
31. Nxd6 Bxd6 32. Rd2 Be7 33. Rd7 Bxb4 34. cxb4 Rxb4 35. Rd6 c3 36. Rc6 Rxe4 37. Rxc3 Ra4 38. Rc5 f6 39. Kh2 Kg7 40. g4 Kg6
41. Kg3 Ra3+ 42. Kg2 e4=
1/2-1/2

[Event "QUO VADIS"]
[Site "SchemingMind.com"]
[Date "2010.05.01"]
[Round "-"]
[White "emvarela"]
[Black "MOIMOI"]
[Result "1-0"]
[WhiteCountry "ARG"]
[BlackCountry "POL"]
[WhiteElo "1778"]
[WhiteRD "75"]
[BlackElo "1404"]
[BlackRD "51"]
[GameID "246999"]

1. d4 c6 2. e4 d5 3. Nc3 dxe4 4. Nxe4 Bf5 5. Ng3 Bg6 6. h4 h6 7. h5 Bh7 8. Nf3 Nd7 9. Bd3 Ngf6 10. Bxh7 Nxh7
11. Bf4 Qa5+ 12. c3 O-O-O 13. O-O g5 14. hxg6 fxg6 15. Ne5 Nxe5 16. Bxe5 Nf6 17. Bxf6 exf6 18. Qg4+ Rd7 19. Qxg6
1-0

[Event "QUO VADIS"]
[Site "SchemingMind.com"]
[Date "2010.04.30"]
[Round "-"]
[White "emvarela"]
[Black "Olli Ylönen"]
[Result "1-0"]
[WhiteCountry "ARG"]
[BlackCountry "FIN"]
[WhiteElo "1778"]
[WhiteRD "75"]
[BlackElo "1494"]
[BlackRD "50"]
[GameID "247000"]

1. e4 e5 2. Nf3 Nf6 3. d4 exd4 4. Qxd4 Nc6 5. Qa4 Bc5 6. Bg5 h6 7. Bh4 d6 8. Nbd2 Bd7 9. Bb5 g5 10. Bg3 a6
11. Bxc6 Bxc6 12. Qb3 Nxe4 13. Nxe4 Bxe4 14. O-O-O Bxf3 15. Rde1+ Kf8 16. Qxf3 Kg7 17. h4 f6 18. hxg5 hxg5 19. Qxb7 Rxh1 20. Rxh1 Qb8
21. Qe4 Qg8 22. f4 d5 23. Qf5 Re8 24. fxg5 fxg5 25. Be5+ Rxe5 26. Qxe5+ Kg6 27. Qxc7 Be3+ 28. Kd1 Bf4 29. Qc6+
1-0

[Event "QUO VADIS"]
[Site "SchemingMind.com"]
[Date "2010.05.04"]
[Round "-"]
[White "emvarela"]
[Black "szymasss"]
[Result "1-0"]
[WhiteCountry "ARG"]
[BlackCountry "POL"]
[WhiteElo "1771"]
[WhiteRD "61"]
[BlackElo "1425"]
[BlackRD "105"]
[GameID "247001"]

1. d4 d5 2. c4 dxc4 3. e4 b6 4. Nc3 Bb7 5. Bxc4 e5 6. d5 Nf6 7. Bg5 Be7 8. Qa4+ Nbd7 9. Nf3 O-O 10. Bxf6 Nxf6
11. Nxe5 Bc5 12. Nd3 Bd4 13. Ne2 Bc5 14. Nxc5 bxc5 15. Ng3 Ng4 16. h3 Ne5 17. Qb5 Nxc4 18. Qxc4 Re8 19. O-O Qf6 20. Qxc5 Qxb2
21. Rab1 Qc2 22. Qxc2 Re5 23. Rxb7 Rae8 24. Qxc7
1-0

[Event "QUO VADIS"]
[Site "SchemingMind.com"]
[Date "2010.04.30"]
[Round "-"]
[White "faulty"]
[Black "emvarela"]
[Result "1-0"]
[WhiteCountry "USA"]
[BlackCountry "ARG"]
[WhiteElo "1832"]
[WhiteRD "67"]
[BlackElo "1778"]
[BlackRD "75"]
[GameID "247003"]

1. e4 e5 2. Nf3 Nc6 3. Bc4 Bc5 4. O-O d6 5. d4 exd4 6. c3 dxc3 7. Qb3 Qf6 8. Nxc3 Nge7 9. Nd5 Nxd5 10. exd5 Nd4
11. Nxd4 Bxd4 12. Bb5+ Kf8 13. Qc2 a6 14. Bd3 Bb6 15. Be3 Bd7 16. Bxb6 cxb6 17. Qc7 Bh3 18. Qxb7 Re8 19. Rfe1 Rxe1+ 20. Rxe1 g6
21. gxh3 Qg5+ 22. Kh1 Qf4 23. Qe7+ Kg7 24. Qe3 Qh4 25. Kg2 Qh5 26. Qf3 Qg5+ 27. Kf1 Rc8 28. Qe4 Rc1 29. Qd4+ f6 30. Rxc1 Qxc1+
31. Ke2 Qg5 32. Qxb6 Qxd5 33. Bxa6 Qxa2 34. Qa7+ Kh6 35. Qe3+ g5 36. Bd3 Qxb2+ 37. Kf3 Qb7+ 38. Qe4 Qf7 39. h4
1-0

[Event "QUO VADIS"]
[Site "SchemingMind.com"]
[Date "2010.04.30"]
[Round "-"]
[White "MOIMOI"]
[Black "emvarela"]
[Result "0-1"]
[WhiteCountry "POL"]
[BlackCountry "ARG"]
[WhiteElo "1404"]
[WhiteRD "51"]
[BlackElo "1778"]
[BlackRD "75"]
[GameID "247004"]

1. Nf3 d5 2. e3 c5 3. Bb5+ Bd7 4. Bxd7+ Nxd7 5. b3 Ngf6 6. Bb2 e6 7. Ne5 Nxe5 8. Bxe5 Bd6 9. Bb2 O-O 10. Qf3 Be7
11. d3 b5 12. Nd2 a5 13. O-O a4 14. c4 axb3 15. axb3 bxc4 16. bxc4 Rxa1 17. Rxa1 Qb6 18. Rb1 Qd6 19. cxd5 Nxd5
0-1

[Event "QUO VADIS"]
[Site "SchemingMind.com"]
[Date "2010.04.30"]
[Round "-"]
[White "Olli Ylönen"]
[Black "emvarela"]
[Result "0-1"]
[WhiteCountry "FIN"]
[BlackCountry "ARG"]
[WhiteElo "1486"]
[WhiteRD "72"]
[BlackElo "1881"]
[BlackRD "89"]
[GameID "247005"]

1. d4 Nf6 2. c4 g6 3. Nc3 Bg7 4. e4 d6 5. Nf3 O-O 6. Be3 Bg4 7. h3 Bxf3 8. Qxf3 Nbd7 9. d5 Ne5 10. Qe2 c6
11. f4 Ned7 12. b4 cxd5 13. e5 dxe5 14. fxe5 Nxe5 15. Rd1 Nxc4 16. Nxd5 Nxd5 17. Qxc4 Nxe3 18. Rxd8 Nxc4 19. Rxa8 Rxa8 20. Bxc4 Bc3+
0-1

[Event "QUO VADIS"]
[Site "SchemingMind.com"]
[Date "2010.05.05"]
[Round "-"]
[White "szymasss"]
[Black "emvarela"]
[Result "0-1"]
[WhiteCountry "POL"]
[BlackCountry "ARG"]
[WhiteElo "1425"]
[WhiteRD "105"]
[BlackElo "1771"]
[BlackRD "61"]
[GameID "247006"]

1. d4 Nf6 2. Bf4 d6 3. d5 e5 4. dxe6 Bxe6 5. Nc3 Nc6 6. e4 Be7 7. Nf3 O-O 8. Bd3 d5 9. e5 Nd7 10. O-O g5
11. Be3 Ndxe5 12. Nxe5 Nxe5 13. Qh5 Nxd3 14. cxd3 d4 15. Bxd4 Qxd4 16. Rad1 Bg4 17. Ne2 Bxe2 18. Qxe2 Rad8 19. Qxe7 h6 20. b3 Rd7
21. Qe4 Qxe4 22. dxe4 Rfd8 23. Rxd7 Rxd7 24. Re1 Rd2
0-1

[Event "QUO VADIS"]
[Site "SchemingMind.com"]
[Date "2010.04.30"]
[Round "-"]
[White "BigDoggProblem"]
[Black "faulty"]
[Result "1-0"]
[WhiteCountry "USA"]
[BlackCountry "USA"]
[WhiteElo "1943"]
[WhiteRD "91"]
[BlackElo "1832"]
[BlackRD "67"]
[GameID "247064"]

1. e4 e5 2. Nf3 Nc6 3. Bb5 a6 4. Ba4 Nf6 5. O-O Be7 6. Re1 b5 7. Bb3 O-O 8. a4 Bb7 9. d3 d6 10. Nc3 b4
11. Ne2 Na5 12. Ba2 c5 13. Ng3 Re8 14. Ng5 Rf8 15. Nf5 h6 16. Nxf7 Rxf7 17. Bxh6 Bf8 18. Bxf7+ Kxf7 19. Bg5 Be7 20. Bxf6 Bxf6
21. Qh5+ Kg8 22. Re3 Bc8 23. Rh3 Bxf5 24. exf5 Qe8 25. Qh7+ Kf7 26. g4 Qg8 27. Qg6+ Kf8 28. g5 Be7 29. Rg3 Qf7 30. Qh7 Qg8
31. Qh5 Qf7 32. Qh8+ Qg8 33. Qh4 Ra7 34. f6 Bd8 35. Re1 Qf7 36. Ree3 gxf6 37. gxf6 Bxf6 38. Qh6+ Bg7 39. Qxd6+ Qe7 40. Ref3+ Ke8
41. Qb8+
1-0

[Event "QUO VADIS"]
[Site "SchemingMind.com"]
[Date "2010.04.30"]
[Round "-"]
[White "BigDoggProblem"]
[Black "emvarela"]
[Result "1-0"]
[WhiteCountry "USA"]
[BlackCountry "ARG"]
[WhiteElo "1956"]
[WhiteRD "94"]
[BlackElo "1771"]
[BlackRD "61"]
[GameID "247065"]

1. e4 e5 2. Nf3 Nc6 3. Bb5 a6 4. Ba4 Nf6 5. c3 b5 6. Bb3 Na5 7. Ng5 Nxb3 8. Qxb3 d5 9. a4 Nxe4 10. Nxe4 dxe4
11. axb5 Qd3 12. h3 Be6 13. Qd1 Bc5 14. Qe2 Qxe2+ 15. Kxe2 Bc4+ 16. Ke1 Bxb5 17. Na3 Ke7 18. Nxb5 axb5 19. Rxa8 Rxa8 20. f3 exf3
21. gxf3 Ra1 22. Kd1 f5 23. Re1 Kf6 24. Kc2 g5 25. d4 Rxc1+ 26. Kxc1 exd4 27. Kd2 dxc3+ 28. Kxc3 h5 29. b3 b4+ 30. Kc4 Bd6
31. Kd5 g4 32. fxg4 fxg4 33. hxg4 hxg4 34. Ke4 Kg5 35. Rg1= Kh4 36. Kf5 Kh3 37. Rxg4 Kh2 38. Ke6 Kh3 39. Rg8 Kh4 40. Kd7 Kh5
41. Rc8 Kg6 42. Rxc7 Bxc7 43. Kxc7 Kf6 44. Kc6 Ke6 45. Kc5 Kd7 46. Kxb4 Kc7 47. Ka5 Kb7 48. Kb5 Kb8 49. Kb6 Ka8 50. b4
1-0

[Event "QUO VADIS"]
[Site "SchemingMind.com"]
[Date "2010.05.01"]
[Round "-"]
[White "BigDoggProblem"]
[Black "MOIMOI"]
[Result "1-0"]
[WhiteCountry "USA"]
[BlackCountry "POL"]
[WhiteElo "1943"]
[WhiteRD "91"]
[BlackElo "1404"]
[BlackRD "51"]
[GameID "247066"]

1. e4 d6 2. d4 e6 3. Nf3 Nd7 4. Bd3 h6 5. O-O c6 6. c4 b6 7. Nc3 Ne7 8. Be3 g5 9. b4 c5 10. bxc5 bxc5
11. d5 e5 12. Nd2 a6 13. f3 Qa5 14. Qc2
1-0

[Event "QUO VADIS"]
[Site "SchemingMind.com"]
[Date "2010.04.30"]
[Round "-"]
[White "BigDoggProblem"]
[Black "Olli Ylönen"]
[Result "1-0"]
[WhiteCountry "USA"]
[BlackCountry "FIN"]
[WhiteElo "1915"]
[WhiteRD "91"]
[BlackElo "1507"]
[BlackRD "57"]
[GameID "247067"]

1. e4 e5 2. Nf3 Nf6 3. d4 Nxe4 4. Bd3 d5 5. dxe5 Nc6 6. Qe2 Nc5 7. O-O Nxd3 8. cxd3 Be6 9. d4 f6 10. exf6 gxf6
11. Qxe6+ Be7 12. Nc3 Qd6 13. Qf5 Qd7 14. Qh5+ Kd8 15. Bf4 Bd6 16. Bxd6 Qxd6 17. Nxd5
1-0

[Event "QUO VADIS"]
[Site "SchemingMind.com"]
[Date "2010.05.04"]
[Round "-"]
[White "BigDoggProblem"]
[Black "szymasss"]
[Result "1-0"]
[WhiteCountry "USA"]
[BlackCountry "POL"]
[WhiteElo "1943"]
[WhiteRD "91"]
[BlackElo "1419"]
[BlackRD "107"]
[GameID "247068"]

1. e4 e5 2. Nf3 Nc6 3. Bb5 Bc5 4. O-O Nf6 5. Bxc6 dxc6 6. Nxe5 O-O 7. d3 Qd4 8. Nf3 Qd6 9. e5 Qd5 10. exf6 gxf6
11. Nc3 Qd6 12. Ne4 Qe6 13. Nxc5 Qd5 14. Ne4 Bg4 15. Nxf6+ Kh8 16. Nxd5 cxd5 17. Bh6 Rg8 18. c3 Rg6 19. Bf4 Rag8 20. Bg3 h5
21. Kh1 h4 22. Bxh4 Bxf3 23. Qxf3
1-0

[Event "QUO VADIS"]
[Site "SchemingMind.com"]
[Date "2010.04.30"]
[Round "-"]
[White "faulty"]
[Black "BigDoggProblem"]
[Result "0-1"]
[WhiteCountry "USA"]
[BlackCountry "USA"]
[WhiteElo "1826"]
[WhiteRD "78"]
[BlackElo "1915"]
[BlackRD "91"]
[GameID "247070"]

1. e4 g6 2. d4 Bg7 3. c4 d6 4. Nc3 Nf6 5. Bg5 O-O 6. Bd3 c5 7. d5 Na6 8. a3 Nc7 9. Nge2 e6 10. Qd2 exd5
11. exd5 Rb8 12. Ne4 Re8 13. O-O b5 14. Qf4 Bf5 15. N2c3 b4 16. Ne2 Bxe4 17. Bxe4 h6 18. Bxf6 Qxf6 19. Qxf6 Bxf6 20. Ng3 Bxb2
0-1